000 00252nam a2200109Ia 4500
005 20251222141807.0
008 251222s9999||||xx |||||||||||||| ||spa||
082 _a920/B5/16
100 _a"Rivera Serna, Raél"
245 0 _aAgustín Gamarra
942 _cLIB
999 _c6340
_d6340